Statistics for Complete the Movie Title (2008)

Click here to take the quiz!

General Stats

  • This quiz has been taken 105 times
  • The average score is 18 of 25

Answer Stats

HintAnswer% Correct
The Dark ______Knight
93%
The Incredible ____Hulk
91%
___ and the CitySex
91%
Star Wars: The _____ WarsClone
88%
No _______ for Old MenCountry
87%
Indiana Jones and the Kingdom of the Crystal _____Skull
85%
Tropic _______Thunder
83%
Quantum of ______Solace
82%
______ Hears a Who!Horton
79%
Zack and Miri Make a _____Porno
79%
The Chronicles of Narnia: Prince _______Caspian
77%
Beverly Hills _________Chihuahua
76%
_________ ExpressPineapple
76%
____ NightProm
76%
You Don't Mess with the _____Zohan
70%
The Forbidden _______Kingdom
68%
Four ___________Christmases
67%
National Treasure: Book of _______Secrets
67%
___’s IslandNim
62%
The Mummy: Tomb of the ______ EmperorDragon
59%
Space ______Chimps
57%
The House _____Bunny
56%
Street _____Kings
51%
Hellboy II: The Golden ____Army
48%
Seven ______Pounds
40%

Score Distribution

Percentile by Number Answered

Percent of People with Each Score

Your Score History

You have not taken this quiz